000 00285nam a22001337a 4500
008 170825b xxu||||| |||| 00| 0 eng d
020 _a0881335878
041 _aeng
080 _26TH
_a070
100 _a39
101 _aMED
245 _aPUBLICSPEAKING
_cMUDD,CH.S
942 _2udc
_cBK
999 _c25070
_d25070